000 00892nam a2200205 i 4500
001 164537
003 ES-MaACL
005 20240116184031.0
008 931025s1881 sp |||| | spa d
100 1 _aSánchez, Miguel,
_d1833-1889
_9102411
245 1 0 _aExamen teológico-crítico de la obra del Excmo. Señor D. Cándido Nocedal titulada Vida de Jovellanos /
_cpor Miguel Sánchez.
260 _aMadrid :
_b[s.n.],
_c1881 (
_fImprenta de Enrique de la Riva)
300 _a170 p. ;
_c24 cm.
510 4 _aPALAU, 294373
530 _aDisponible en formato digital.
600 1 0 _aJovellanos, Gaspar Melchor de,
_d1744-1811
_9222580
852 _aES-MaACL
_jT-363-F-7
_z-- Enc. hol.
_z-- Enc. en un vol. facticio
856 _uhttp://www.bibliotecavirtual.asturias.es/i18n/consulta/registro.cmd?id=3025
_zBiblioteca Virtual del Principado de Asturias
999 _c164537
_d164537